Twenty One Pilots - March to the Sea (Lyrics) - Statistics

General Stats
  • This quiz has been taken 11 times
  • The average score is 240 of 291
Answer Stats
Answer % Correct
a
100%
all
100%
and
100%
fall
100%
few
100%
front
100%
get
100%
I
100%
in
100%
is
100%
land
100%
line
100%
march
100%
me
100%
miles
100%
my
100%
no
100%
of
100%
on
100%
only
100%
sea
100%
that
100%
the
100%
There’s
100%
this
100%
to
100%
us
100%
we
100%
we‘re
100%
you
100%
about
75%
again
75%
anymore
75%
as
75%
back
75%
be
75%
breath
75%
but
75%
cause
75%
cry
75%
don‘t
75%
door
75%
dying
75%
end
75%
every
75%
feet
75%
follow
75%
forbid
75%
head
75%
hear
75%
heaven
75%
here
75%
he’s
75%
I‘ll
75%
i‘ll
75%
inside
75%
instead
75%
into
75%
left
75%
look
75%
make
75%
near
75%
ocean
75%
off
75%
once
75%
our
75%
pier
75%
right
75%
sand
75%
says
75%
see
75%
sky
75%
so
75%
sometimes
75%
spaceship
75%
step
75%
stranger‘s
75%
take
75%
then
75%
they
75%
time
75%
voice
75%
walk
75%
want
75%
way
75%
will
75%
with
75%
year
75%
your
75%
another
50%
are
50%
asleep
50%
beyond
50%
chant
50%
corner
50%
counterpart
50%
day
50%
dead
50%
emotionless
50%
eye
50%
eyes
50%
focused
50%
go
50%
graves
50%
just
50%
line‘s
50%
looks
50%
marchers
50%
might
50%
one
50%
out
50%
phrase
50%
place
50%
put
50%
raindrop
50%
realize
50%
seal
50%
start
50%
up
50%
wages
50%
war
50%
ask
25%
down
25%
myself
25%
question
25%
why
25%
No matching quizzes found
Score Distribution
Percent of People with Each Score
Percentile by Number Answered
Your Score History
You have not taken this quiz